000 00482nam a2200181Ia 4500
001 3902
005 20260306145717.0
008 260306t2006||||xx |||||||||||||| ||spa||
041 _aESP
082 _a305.4098
_bO664
100 _aO'Phelan Godoy, Scarlett
_eAUT
245 0 _aMujeres, familia y sociedad en la historia de América Latina, siglos XVIII-XXI
260 _c2006
300 _a783 páginas :
_c24 cm.
650 _aGEN
654 _aCHU
942 _cLIB
_dJUS
_fJUS
_2ddc
_n
999 _c3902
_d3902